Introduction guest co-editors Edith-Anne Pageot and Judit Kádár

Elmentve itt :
Bibliográfiai részletek
Dokumentumtípus: Cikk
Megjelent: 2017
Sorozat:Americana : E-Journal of American Studies in Hungary 13 No. 1
Kulcsszavak:Amerikanisztika
Online Access:http://acta.bibl.u-szeged.hu/56752
LEADER 00593nab a2200157 i 4500
001 acta56752
005 20260224081030.0
008 190124s2017 hu o 000 hun d
022 |a 1787-4637 
040 |a SZTE Egyetemi Kiadványok Repozitórium  |b hun 
041 |a hun 
245 0 0 |a Introduction guest co-editors Edith-Anne Pageot and Judit Kádár  |h [elektronikus dokumentum] 
260 |c 2017 
490 0 |a Americana : E-Journal of American Studies in Hungary  |v 13 No. 1 
695 |a Amerikanisztika 
856 4 0 |u http://acta.bibl.u-szeged.hu/56752/2/americana_013_001_016/introduction.html  |z Dokumentum-elérés